000 00533nam a2200181Ia 4500
003 GCL
008 140319s9999 xx 000 0 ara d
040 _aGCL /
_cGCL
082 0 4 _a813.083
_bا ن
100 1 _aاحمد الشيخ
245 1 0 _aالناس فى كفر عسكر (اولاد عوف) /
_cاحمد الشيخ
300 _a222 ص
490 _aروايات مختارة
_v0
650 0 4 _aالادب العربى
650 0 4 _aالقصص العربية
650 0 4 _aالقصص الاجتماعية
942 _2ddc
_cBK
999 _c47370
_d47370